Statistics for Most Popular Destinations for Emirates

Click here to take the quiz!

General Stats

  • This quiz has been taken 175 times
  • The average score is 12 of 20

Answer Stats

PassengersCity% Correct
2,435,000London
94%
633,000New York
89%
853,000Paris
88%
816,000Delhi
77%
44,537,000Dubai
76%
1,063,000Mumbai
76%
1,372,000Bangkok
65%
767,000Singapore
65%
644,000Rome
62%
748,000Doha
61%
984,000Karachi
58%
968,000Kuwait
58%
898,000Jeddah
55%
651,000Tehran
53%
760,000Kuala Lumpur
51%
672,000Milan
46%
669,000Jakarta
44%
788,000Manchester
42%
781,000Manila
39%
731,000Johannesburg
37%

Score Distribution

Percentile by Number Answered

Percent of People with Each Score

Your Score History

You have not taken this quiz